00525nam a2200157 a 450000100100000000500170001000800410002702000180006804000250008624500470011126000350015830000310019350000210022495201050024599900170035000004309820201002040633.0140218s2009 xxkc 001 0 spa d a9781906626730 aDO-SdBNPbspacBNPHU00aMilitary Aircraft. :bvisual encyclopedia. aLondon, :bAmber Books,c2009. a448 p. :bretrs. ;c29 cm. aIncluye índice 001050718MOaGRbGRcCTd2014-02-18iLF1l0o p43098-10r2020-06-25w2020-06-25y1ZNo se presta c42587d42587